1782 1832 1328 1282 1591 1911 1624 1637 1275 1459 1299 1224 1600 1974 1110 1845 1729 1802 1616 1939 1136 1886 1287 1201 1709 1357 1761 1614 1784 1693 1370 1787 1214 1155 1672 1036 1943 1569 1445 1792 1431 1161 1731 1552 1363 1409 1783 1833 1784 1827 1081 1264 1786 1254 1603 1384 1196 1225 1321 1441 1022 1419 1046 1803 1239 1285 1493 1346 1383 1510 1647 1020 1440 1770 1022 1447 1060 1851 1117 1937 1283 1679 1773 1055 1624 1141 1459 1113 1406 1661 1093 1474 1974 1261 1979 1449 1421 1037 1151 BCNSPRNW ULIB Ver.6.0+V

เปลี่ยนเป็นภาษาไทย

Change to English
 แสดงรายละเอียดบรรณานุกรม
  กลับหน้าหลัก

Brief Record : Get Marc (ISO 2709) : E-mail record : QR code < ปิดหน้าต่าง
LEADER : 00000nam a2200000Ia 4500
001    13399124207
003     ULIB
008    110523s2547 th a d 000 0 tha d
020    9789749556511
050  4 ^aPE1645^bธ781r
100 0  วิเธียรชัย เอี่ยมวรเมธ
245 00 ^aพจนานุกรม อังกฤษ-ไทย ฉบับ 40,000 คำ /^cโดย วิเธียรชัย เอี่ยมวรเมธ
260    ^aกรุงเทพฯ :^bรวมสาส์น,^c2547
300    ^a848 หน้า :^bภาพประกอบ ;^c22 ซม.
650  4 ^aภาษาอังกฤษ^vพจนานุกรม^xภาษาไทย
945    ^p300^l0^i15293
995    ทศพร
999 ^a ใช้งานได้ทุกระบบ
รายการนี้ยังไม่มีแท็ก
คุณยังไม่ได้ล็อกอิน คุณสามารถมีกิจกรรมร่วมกับเว็บไซต์ได้ แต่ต้องล็อกอินก่อน ::
  ล็อกอิน

รายการสื่อสารสนเทศ

ลำดับที่ ประเภท เลขเรียก/บาร์โค้ด สถานที่ สถานะ
1. การศึกษาทั่วไป
การศึกษาทั่วไป
PE1645 ธ781r ฉ.1 
  Barcode: 15293
ห้องสมุดวิทยาเขตนครสวรรค์
►หนังสือทั่วไป:l:General Books
บนชั้น

BibComment


ยังไม่เคยถูกคอมเมนท์

คอมเมนท์ทรัพยากรรายการนี้
  คอมเมนท์: พจนานุกรม อังกฤษ..


 Copyright 2026. Bcnsprnw @Library